000
00441nam a2200181Ia 4500
008
090122s9999 xx 000 0 und d
082
_b
1163
_a
891.4681
100
_a
यशवंत
245
_a
यशोधन
260
_b
चित्रशाळा
_c
1956
300
_a
159
501
_a
--
600
_a
यशवंत
630
_a
यशोधन
700
_a
यशवंत
730
_a
यशोधन
942
_c
BOOK
999
_c
25241
_d
25241